Central Library OPAC University of Rajshahi

Renaissance architecture in England / (Record no. 18797)

MARC details
000 -LEADER
fixed length control field 00789nam a2200253 a 4500
001 - CONTROL NUMBER
control field 18797
003 - CONTROL NUMBER IDENTIFIER
rucl marc code UkOxU
005 - DATE AND TIME OF LATEST TRANSACTION
control field 20211209000333.0
008 - FIXED-LENGTH DATA ELEMENTS--GENERAL INFORMATION
fixed length control field 140222s1952 enkafoe 001 0 eng d
035 ## - SYSTEM CONTROL NUMBER
System control number BD-RjUL)18855
040 ## - CATALOGING SOURCE
Original cataloging agency BD-RjUL
Language of cataloging eng
Transcribing agency BD-RjUL
041 ## - LANGUAGE CODE
Language code of text/sound track or separate title eng
082 00 - DEWEY DECIMAL CLASSIFICATION NUMBER
Classification number 720.942
Edition number 18
Author mark and year WHR 1952
Classification number 720.942
Edition number 18
100 1# - MAIN ENTRY--PERSONAL NAME
Personal name Whinney, Margaret Dickens.
9 (RLIN) 57953
245 10 - TITLE STATEMENT
Title Renaissance architecture in England /
Statement of responsibility, etc. by Margaret Whinney
260 ## - PUBLICATION, DISTRIBUTION, ETC. (IMPRINT)
Place of publication, distribution, etc. London :
Name of publisher, distributor, etc. Longmans, Green, for the British Council,
Date of publication, distribution, etc. 1952
300 ## - PHYSICAL DESCRIPTION
Pagination 39 p., [20] p. of plates :
Illustrations ill. ;
Size 21 cm
504 ## - BIBLIOGRAPHY, ETC. NOTE
Bibliography, etc Includes index and glossary
650 #0 - SUBJECT ADDED ENTRY--TOPICAL TERM
Topical term or geographic name as entry element Architecture, Renaissance
Geographic subdivision England.
9 (RLIN) 57954
710 2# - ADDED ENTRY--CORPORATE NAME
Corporate name or jurisdiction name as entry element British Council
9 (RLIN) 57955
830 #0 - SERIES ADDED ENTRY--UNIFORM TITLE
Uniform title Arts in Britain
942 ## - ADDED ENTRY ELEMENTS (KOHA)
Source of classification or shelving scheme Dewey Decimal Classification
Koha item type Books
Holdings
Lost status Source of classification or shelving scheme Damaged status Not for loan Collection code Permanent Location Current Location Shelving location Date acquired Source of acquisition Total Checkouts Full call number Date last seen Copy number Koha item type
  Dewey Decimal Classification   Not For Loan Non-fiction Central Library, University of Rajshahi Central Library, University of Rajshahi Reading Room 18/01/1958 Gift   720.942 WHR 1952 22/02/2014 C-1 Books